|
|
|
|
| LEADER |
00000nam a22000007a 4500 |
| 005 |
20160503150128.0 |
| 007 |
cr|||| ||u| |
| 008 |
160503s2015 spa||||| |||| 00||0 sp d |
| 020 |
|
|
|a 978-84-9085-564-5
|
| 035 |
|
|
|a 14194
|
| 040 |
|
|
|a vLex
|
| 090 |
|
|
|c 6050
|d 6050
|
| 100 |
1 |
|
|a Jaň Vallejo, Manuel
|
| 245 |
1 |
4 |
|a La Reforma Procesal Penal de 2015
|h [Recurso electrn̤ico] /
|c Manuel Jaň Vallejo
|
| 256 |
|
|
|a Servicio en ln̕ea
|
| 260 |
|
|
|a Madrid
|b Dykinson
|c 2015
|
| 300 |
|
|
|a 1 recurso electrn̤ico
|
| 506 |
1 |
|
|a Contenido solo disponible en los productos indicados
|d vLex Global
|d vLex Global (Academic Edition, excluding Law Schools)
|d vLex Global (U.S. Academic Edition, Law Schools)
|d vLex Global (U.S. Academic Edition, excluding Law Schools)
|d vLex Global (Academic Edition, Law Schools)
|
| 650 |
0 |
4 |
|a Derecho penal
|z Madrid
|
| 700 |
1 |
|
|a Perrino Přez, ℓngel Luis
|
| 740 |
0 |
|
|a vLex libros (servicio en ln̕ea)
|
| 856 |
4 |
0 |
|u http://vlex.com/source/reforma-procesal-penal-2015-14194
|z Acceso restringido
|
| 942 |
|
|
|c BOOK
|
| 999 |
0 |
|
|a Criminal Law
|b Madrid
|